| 000 | 00700nam a2200229Ia 4500 | ||
|---|---|---|---|
| 003 | OSt | ||
| 005 | 20230324133940.0 | ||
| 008 | 210423s2017 xx 000 0 und d | ||
| 020 | _a978-0-19-946516-3 | ||
| 040 | _cAL | ||
| 041 | _aeng | ||
| 082 |
_a894.81208 _223 _bRAVO |
||
| 100 |
_aRAVEENDRAN (P P);JAYASREE (G S) Eds _977478 |
||
| 245 | _aOxford India anthology of modern malayalam literature: fiction Vol 2 | ||
| 260 |
_aNew Delhi _bOxford University Press _c2017 |
||
| 300 |
_axxvi,432 _bPB |
||
| 365 |
_b875 _cINR |
||
| 440 | _v2 | ||
| 650 |
_aDravidian Literature _977479 |
||
| 906 | _aanthology ; fiction ; India ; literature: ; malayalam ; modern ; Oxford ; Vol | ||
| 942 |
_2ddc _cBK |
||
| 999 |
_c168816 _d168816 |
||